[Event "Saint Denis op"]
[Site "Saint Denis"]
[Date "2022.10.13"]
[Round "1"]
[White "Fondrat, Johan"]
[Black "Lebihan, Mahe"]
[Result "1-0"]
[WhiteElo "1742"]
[BlackElo "1199"]
[PlyCount "59"]
[EventDate "2022.10.13"]
[EventType "swiss"]
[EventRounds "9"]
[EventCountry "RUF"]
[SourceTitle "EXT 2024"]
[Source "ChessBase"]
[SourceDate "2023.10.10"]
[SourceVersion "1"]
[SourceVersionDate "2023.10.10"]
[SourceQuality "1"]

1. e4 d5 2. exd5 Qxd5 3. d4 Nc6 4. Be3 Bf5 5. Nf3 e6 6. c3 Nf6 7. Nbd2 Be7 8. Bc4 Qd6 9. 0-0 0-0 10. Re1 Rab8 11. a4 a6 12. a5 Rfd8 13. Bg5 Nd5 14. Bh4 Bg4 15. Bg3 Qd7 16. Bd3 Bg5 17. Bxh7+ Kh8 18. Bd3 Bxd2 19. Qxd2 Bxf3 20. gxf3 Nf6 21. Bh4 Qe7 22. Qf4 Na7 23. Re5 Kg8 24. Kh1 Kf8 25. Rg1 Rd5 26. Rxd5 exd5 27. Qg5 Qe6 28. Qxg7+ Ke7 29. Bxf6+ Qxf6 30. Re1+ 1-0

[Event "Europe Echecs Blitz May op"]
[Site "Europe Echecs INT"]
[Date "2021.05.09"]
[Round "1"]
[White "Doluhanova, Evgeniya"]
[Black "Fondrat, Johan"]
[Result "1-0"]
[WhiteElo "2207"]
[BlackElo "1509"]
[PlyCount "141"]
[EventDate "2021.05.09"]
[EventType "swiss (blitz)"]
[EventRounds "11"]
[EventCountry "FRA"]
[SourceTitle "CBM 202 Extra"]
[Source "ChessBase"]
[SourceDate "2021.07.31"]
[SourceVersion "1"]
[SourceVersionDate "2021.07.31"]
[SourceQuality "1"]

1. Nf3 Nf6 2. b3 d5 3. Bb2 g6 4. e3 Bg7 5. c4 c6 6. cxd5 cxd5 7. Nc3 0-0 8. Be2 Nc6 9. d4 Bf5 10. 0-0 Rc8 11. Rc1 a6 12. Na4 Nd7 13. Ba3 b5 14. Nc5 Nxc5 15. Bxc5 Re8 16. h3 e5 17. dxe5 Nxe5 18. Nxe5 Bxe5 19. Bf3 Be6 20. Qd2 Qd7 21. Rfd1 Red8 22. Bb6 Rxc1 23. Rxc1 Rb8 24. Bd4 Bd6 25. Bb2 Be7 26. Qd4 f6 27. Qh4 Qd8 28. Rd1 Rc8 29. Qd4 Rc7 30. Bxd5 Bxd5 31. Qxd5+ Qxd5 32. Rxd5 Rc2 33. Bd4 Rxa2 34. Rd7 Kf7 35. Bc5 Ra1+ 36. Kh2 Rc1 37. Rxe7+ Kf8 38. Rc7+ Ke8 39. b4 a5 40. Ra7 axb4 41. Bxb4 h5 42. Rb7 Rc2 43. f3 Re2 44. e4 Rb2 45. Rxb5 Kd7 46. Rd5+ Ke6 47. Bc3 Rc2 48. Be1 Rc1 49. Bg3 g5 50. Rd6+ Ke7 51. Ra6 h4 52. Bd6+ Kf7 53. Ba3 Rc2 54. Ra7+ Kg6 55. Be7 Rc6 56. Rd7 Re6 57. Bd8 Rc6 58. Rd5 Re6 59. Kg1 Kf7 60. Rf5 Rd6 61. Rxf6+ Rxf6 62. Bxf6 Kxf6 63. Kf2 Ke5 64. g3 Kd4 65. gxh4 gxh4 66. Ke2 Ke5 67. Ke3 Kf6 68. f4 Kg6 69. Kf3 Kf6 70. Kg4 Kg6 71. Kxh4 1-0

[Event "C'Chartres Blitz op April"]
[Site "Europe Echecs INT"]
[Date "2021.04.10"]
[Round "5"]
[White "Pizzo, Cyril"]
[Black "Fondrat, Johan"]
[Result "1-0"]
[WhiteElo "1798"]
[BlackElo "1509"]
[PlyCount "71"]
[EventDate "2021.04.10"]
[EventType "swiss (blitz)"]
[EventRounds "11"]
[EventCountry "FRA"]
[SourceTitle "CBM 201 Extra"]
[Source "ChessBase"]
[SourceDate "2021.05.31"]
[SourceVersion "1"]
[SourceVersionDate "2021.05.31"]
[SourceQuality "1"]

1. e4 c5 2. Nf3 Nc6 3. Bb5 d6 4. 0-0 Bd7 5. Re1 g6 6. c3 Bg7 7. d4 cxd4 8. cxd4 Nf6 9. Nc3 0-0 10. e5 Ne8 11. Be3 dxe5 12. dxe5 a6 13. Ba4 b5 14. Bb3 Nxe5 15. Nxe5 Bxe5 16. Bh6 Bg7 17. Bg5 Nf6 18. Qf3 Rc8 19. Rad1 Qc7 20. Bf4 Qd8 21. Qb7 Ra8 22. Bg5 Re8 23. Bxf6 exf6 24. Rxe8+ Qxe8 25. Qxd7 Qf8 26. h3 h5 27. Nd5 Kh7 28. Nf4 Re8 29. Qd3 Kh8 30. Qd6 Qg8 31. Qxa6 Qh7 32. Qxb5 Qh6 33. Qxe8+ Bf8 34. Rd8 Qxf4 35. Qxf8+ Kh7 36. Qh8# 1-0

[Event "Cappelle Online Blitz op"]
[Site "Europe Echecs INT"]
[Date "2021.03.07"]
[Round "9"]
[White "Boissonnier, Kimo"]
[Black "Fondrat, Johan"]
[Result "1-0"]
[WhiteElo "2016"]
[BlackElo "1509"]
[PlyCount "39"]
[EventDate "2021.03.07"]
[EventType "swiss (blitz)"]
[EventRounds "11"]
[EventCountry "FRA"]
[SourceTitle "CBM 201 Extra"]
[Source "ChessBase"]
[SourceDate "2021.05.31"]
[SourceVersion "1"]
[SourceVersionDate "2021.05.31"]
[SourceQuality "1"]

1. d4 d5 2. Nf3 Nf6 3. c4 c6 4. cxd5 cxd5 5. Nc3 g6 6. Bf4 Bg7 7. Qb3 Nc6 8. e3 0-0 9. Bd3 a6 10. 0-0 b6 11. Rac1 Na5 12. Qb4 b5 13. Ne2 Nc4 14. b3 Nb6 15. Bc7 Qd7 16. Bxb6 Rb8 17. Bc5 Re8 18. Ne5 Qe6 19. Nf4 Qxe5 20. dxe5 1-0

[Event "FRA-ch U20"]
[Site "Europe Echecs INT"]
[Date "2020.07.12"]
[Round "1"]
[White "Lamaze, Simon"]
[Black "Fondrat, Johan"]
[Result "1/2-1/2"]
[WhiteElo "2185"]
[BlackElo "1509"]
[PlyCount "132"]
[EventDate "2020.07.12"]
[EventType "swiss (rapid)"]
[EventRounds "9"]
[EventCountry "FRA"]
[SourceTitle "EXT 2021"]
[Source "ChessBase"]
[SourceDate "2020.10.23"]
[SourceVersion "1"]
[SourceVersionDate "2020.10.23"]
[SourceQuality "1"]

1. d4 d5 2. c4 c6 3. Nf3 Nf6 4. g3 g6 5. Bg2 Bg7 6. 0-0 0-0 7. cxd5 cxd5 8. Nc3 Nc6 9. Ne5 e6 10. f4 Bd7 11. Be3 Rc8 12. Rc1 a6 13. Bf2 Nxe5 14. dxe5 Ng4 15. e4 Nxf2 16. Rxf2 dxe4 17. Nxe4 Bc6 18. Nd6 Rc7 19. Bxc6 Rxc6 20. Rxc6 bxc6 21. Rc2 Qb6+ 22. Kg2 Rb8 23. Qf3 Bf8 24. b3 c5 25. Ne4 Rc8 26. h4 Be7 27. h5 Kg7 28. g4 Rd8 29. g5 Qb4 30. h6+ Kf8 31. Qe3 Rd4 32. Kf3 Qb5 33. Rd2 Qf1+ 34. Nf2 Qa1 35. Rxd4 cxd4 36. Qe4 Qc3+ 37. Qd3 Bc5 38. Qxc3 dxc3 39. Nd3 Ba3 40. Ke2 Ke8 41. Ne1 Kd7 42. Nc2 Bb2 43. Kd3 Kc6 44. Kc4 Kb6 45. b4 a5 46. a3 axb4 47. axb4 Bc1 48. Kxc3 Bxf4 49. Na3 Bxe5+ 50. Kd3 Bf4 51. Ke4 Bxg5 52. Nc4+ Kc6 53. Ne5+ Kb5 54. Nxf7 Bc1 55. Ke5 Kxb4 56. Kxe6 Bxh6 57. Nxh6 g5 58. Kf5 g4 59. Kxg4 Kc5 60. Kg5 Kd6 61. Kf6 Kd5 62. Kg7 Ke5 63. Nf7+ Kf4 64. Kh6 Kf5 65. Ng5 Kf6 66. Nxh7+ Kf7 1/2-1/2

[Event "FRA-ch U20"]
[Site "Europe Echecs INT"]
[Date "2020.07.12"]
[Round "4"]
[White "Lemiere, Maxence"]
[Black "Fondrat, Johan"]
[Result "0-1"]
[WhiteElo "1618"]
[BlackElo "1509"]
[PlyCount "66"]
[EventDate "2020.07.12"]
[EventType "swiss (rapid)"]
[EventRounds "9"]
[EventCountry "FRA"]
[SourceTitle "EXT 2021"]
[Source "ChessBase"]
[SourceDate "2020.10.23"]
[SourceVersion "1"]
[SourceVersionDate "2020.10.23"]
[SourceQuality "1"]

1. e4 c5 2. Nf3 Nc6 3. c3 Nf6 4. d3 d5 5. exd5 Nxd5 6. Be3 e6 7. Be2 Be7 8. 0-0 0-0 9. d4 Nxe3 10. fxe3 b6 11. Qc2 h6 12. Nbd2 Bb7 13. Rae1 Rc8 14. Bd3 cxd4 15. exd4 Nb4 16. Qb1 Nxd3 17. Qxd3 Qc7 18. Qe3 Bd6 19. Ne5 Bxe5 20. Qxe5 Qc6 21. Qg3 Rcd8 22. Nf3 Rd5 23. Ne5 Qe8 24. Ng4 Rg5 25. h4 Rg6 26. Qf4 f5 27. Ne3 Qc6 28. Rf2 Qe4 29. Qc7 f4 30. Nc2 Rxg2+ 31. Kf1 Rxf2+ 32. Kxf2 Qf3+ 33. Kg1 Qg2# 0-1